000
00448nam a2200181Ia 4500
008
100917s9999 xx 000 0 und d
082
_b
4454
100
_a
अमरेन्द्र
245
_a
मेघदूत
260
_b
---
_c
1956
300
_a
32
365
_b
0.4
520
_a
बालविभाग
630
_a
मेघदूत
650
_a
बालविभाग
730
_a
मेघदूत
942
_c
BOOK
999
_c
609848
_d
609845